Proyectos turísticos: formulación y evaluación

Enregistré dans:
Détails bibliographiques
Auteur principal: Hernández Díaz, Edgar Alfonso (Auteur)
Format: Livre
Langue:espagnol
Publié: Ciudad de México Trillas 1990
Édition:2a. ed
Collection:Trillas Turismo
Sujets:
Tags: Ajouter un tag
Pas de tags, Soyez le premier à ajouter un tag!

MARC

LEADER 00000nam a2200000 a 4500
001 UCI5019
003 CL-VaPUC
008 080311e19900000MX |||||||||||||||||spa|d
020 |a 968243694X 
082 0 4 |a 338.4791  |b HER  |2 21 
100 |a Hernández Díaz, Edgar Alfonso  |e author  |9 548332 
245 1 0 |a Proyectos turísticos: formulación y evaluación 
250 |a 2a. ed 
300 |a 211 p 
942 |c BK 
945 |d 20080311 00:00:00  |a cmena 
260 |a Ciudad de México  |b Trillas  |c 1990 
650 0 |a Turismo  |9 308920 
650 0 |a Proyectos de inversión   |9 261065 
650 0 |a Planificación estratégica   |9 259735 
650 0 |a Evaluación de proyectos   |9 259341 
583 |a last modification  |c 20080311 00:00:00  |k Rodrigo Vera 
490 0 |a Trillas Turismo 
999 |c 328783  |d 328781 
952 |0 0  |1 0  |4 0  |6 338_479100000000000_HER_1990  |7 0  |8 A  |9 412927  |a BIBING  |b BIBING  |d 2019-11-22  |i 4657888  |o 338.4791 HER 1990  |p 4657888  |r 2025-01-20  |w 2019-11-22  |y BK  |k GEO